Central Library OPAC University of Rajshahi

Absorption, distillation and cooling towers / (Record no. 70787)

MARC details
000 -LEADER
fixed length control field 00712nam a2200241 a 4500
001 - CONTROL NUMBER
control field 70787
003 - CONTROL NUMBER IDENTIFIER
rucl marc code BD-RjUL
005 - DATE AND TIME OF LATEST TRANSACTION
control field 20211209082036.0
008 - FIXED-LENGTH DATA ELEMENTS--GENERAL INFORMATION
fixed length control field 170419s1962 nyu 001 0 eng
035 ## - SYSTEM CONTROL NUMBER
System control number (BD-RjUL)71001
040 ## - CATALOGING SOURCE
Original cataloging agency DLC
Transcribing agency MBNU
Modifying agency DLC
-- BD-RjUL
Language of cataloging eng
041 ## - LANGUAGE CODE
Language code of text/sound track or separate title eng
082 ## - DEWEY DECIMAL CLASSIFICATION NUMBER
Classification number 660.284
Edition number 23
Author mark and year NOA 1962
100 1# - MAIN ENTRY--PERSONAL NAME
Personal name Norman, W. S.
9 (RLIN) 209518
245 10 - TITLE STATEMENT
Title Absorption, distillation and cooling towers /
Statement of responsibility, etc. W S Norman
260 ## - PUBLICATION, DISTRIBUTION, ETC. (IMPRINT)
Place of publication, distribution, etc. New York :
Name of publisher, distributor, etc. Wiley,
Date of publication, distribution, etc. c1961 [impression 1962]
300 ## - PHYSICAL DESCRIPTION
Pagination 477 p. :
Illustrations ill. ;
Size 23 cm.
504 ## - BIBLIOGRAPHY, ETC. NOTE
Bibliography, etc Includes bibliography.
650 #0 - SUBJECT ADDED ENTRY--TOPICAL TERM
Topical term or geographic name as entry element Distillation apparatus.
9 (RLIN) 209519
Topical term or geographic name as entry element Packed towers.
9 (RLIN) 209520
Topical term or geographic name as entry element Cooling towers.
9 (RLIN) 209521
942 ## - ADDED ENTRY ELEMENTS (KOHA)
Source of classification or shelving scheme Dewey Decimal Classification
Koha item type Books
Holdings
Lost status Source of classification or shelving scheme Damaged status Not for loan Collection code Permanent Location Current Location Shelving location Date acquired Source of acquisition Cost, normal purchase price Total Checkouts Full call number Date last seen Copy number Koha item type
  Dewey Decimal Classification   Not For Loan Non-fiction Central Library, University of Rajshahi Central Library, University of Rajshahi Reading Room 01/02/1967 book centre 63.00   660.284 NOA 1962 20/04/2017 C-1 Books
  Dewey Decimal Classification     Non-fiction Central Library, University of Rajshahi Central Library, University of Rajshahi General Stacks 29/09/2024 Registrar, R.U.     660.284 NOA 1961 09/10/2024 C-2 Books